Electrical engineering fundamentals / (Record no. 189270)
[ view plain ]
| 000 -LEADER | |
|---|---|
| fixed length control field | 00755 a2200205 4500 |
| 003 - CONTROL NUMBER IDENTIFIER | |
| control field | Nust |
| 005 - DATE AND TIME OF LATEST TRANSACTION | |
| control field | 20221027110259.0 |
| 010 ## - LIBRARY OF CONGRESS CONTROL NUMBER | |
| LC control number | 85024378 |
| 020 ## - INTERNATIONAL STANDARD BOOK NUMBER | |
| International Standard Book Number | 9788120305991 |
| 040 ## - CATALOGING SOURCE | |
| Transcribing agency | Nust |
| 082 00 - DEWEY DECIMAL CLASSIFICATION NUMBER | |
| Classification number | 621.3,TOR |
| 100 1# - MAIN ENTRY--PERSONAL NAME | |
| Personal name | Del Toro, Vincent. |
| 9 (RLIN) | 101471 |
| 245 10 - TITLE STATEMENT | |
| Title | Electrical engineering fundamentals / |
| Statement of responsibility, etc. | Vincent Del Toro. |
| 250 ## - EDITION STATEMENT | |
| Edition statement | 2nd ed. |
| 260 ## - PUBLICATION, DISTRIBUTION, ETC. | |
| Place of publication, distribution, etc. | Englewood Cliffs, NJ : |
| Name of publisher, distributor, etc. | Prentice-Hall, |
| Date of publication, distribution, etc. | c1986. |
| 300 ## - PHYSICAL DESCRIPTION | |
| Extent | xvii, 921 p. : |
| Other physical details | ill. ; |
| Dimensions | 25 cm. |
| 505 ## - FORMATTED CONTENTS NOTE | |
| Formatted contents note | Part.1 Electric Circuit Theory (Page-24), Part.2 Electronics (Page-333), Part.3 Digital Systems (Page-465), Part.4 Electromechanical Part.5 Energy Conversion (Page-614), Feedback Control Systems (Page-818), |
| 650 #0 - SUBJECT ADDED ENTRY--TOPICAL TERM | |
| Topical term or geographic name entry element | Telecommunication Engineering |
| 942 ## - ADDED ENTRY ELEMENTS (KOHA) | |
| Source of classification or shelving scheme | |
| Koha item type | Book |
| Withdrawn status | Lost status | Source of classification or shelving scheme | Damaged status | Not for loan | Permanent Location | Current Location | Shelving location | Date acquired | Full call number | Barcode | Date last seen | Price effective from | Koha item type | Public note | Total Checkouts |
|---|---|---|---|---|---|---|---|---|---|---|---|---|---|---|---|
| Military College of Signals (MCS) | Military College of Signals (MCS) | General Stacks | 12/12/2016 | 621.3,TOR | MCS35040 | 12/08/2016 | 12/12/2016 | Book | Almirah No.28, Shelf No.4 | ||||||
| Military College of Signals (MCS) | Military College of Signals (MCS) | General Stacks | 04/18/2025 | 621.3,TOR | MCS31822 | 04/18/2025 | 04/18/2025 | Book | Almirah No.28, Shelf No.4 |
